| 000 | 00446nam a2200157Ia 4500 | ||
|---|---|---|---|
| 008 | 210423s2009 xx 000 0 und d | ||
| 020 | _a9780521540889 | ||
| 041 | _aeng | ||
| 082 | _a410 LYOJ | ||
| 100 | _aLYONS (John). | ||
| 245 | _aLanguage and linguistics: an introduction. | ||
| 260 |
_aNew York _bCambridge University Press _c2009 |
||
| 300 |
_axi,356 _bPB |
||
| 365 |
_b295 _cINR |
||
| 906 | _aan ; introduction. ; Language ; linguistics: | ||
| 999 |
_c159309 _d159309 |
||